000 00646nam a2200217Ia 4500
003 GCL
008 140319s9999 xx 000 0 eng d
020 _a0319026835
040 _aGCL /
_cGCL
082 0 4 _a343.730721
_bK A
100 1 _aGELLNER, ERNEST
245 1 0 _aANTITRUST LAW AND ECONOMICS IN NUTSHELL /
_cGELLNER, ERNEST
700 1 _aKOVACIC, WILLIAM E.
260 _a[S.N] :
_bWEST PUBLISHING COMPANY ،
_c1994
300 _a19 CM ؛
_cXL111, 520 P
490 _aWEST NUTSHELL SERIES
_v0
650 0 4 _aUNITED STATES - LAW
650 0 4 _aANTITRUST LAW - U.S.A
650 0 4 _aANTITRUST LAW - ECONOMIC ASPECTS - U.S
942 _2ddc
_cBK
999 _c4795
_d4795